Noli Me Tangere / (Record no. 292323)
[ view plain ]
| 000 -LEADER | |
|---|---|
| fixed length control field | 00532nam a2200193Ia 4500 |
| 008 - FIXED-LENGTH DATA ELEMENTS--GENERAL INFORMATION | |
| fixed length control field | 160319s9999 xx 000 0 und d |
| 020 ## - INTERNATIONAL STANDARD BOOK NUMBER | |
| International Standard Book Number | 9715691870 |
| 050 ## - LIBRARY OF CONGRESS CALL NUMBER | |
| Item number | R627n 1996 |
| 100 ## - MAIN ENTRY--PERSONAL NAME | |
| Personal name | Rizal, Jose |
| 245 ## - TITLE STATEMENT | |
| Title | Noli Me Tangere / |
| 245 ## - TITLE STATEMENT | |
| Statement of responsibility, etc | Jose Rizal ; translated by Ma. Soledad Lacson-Locsin ; edited by Raul L. Locsin. |
| 260 ## - PUBLICATION, DISTRIBUTION, ETC. (IMPRINT) | |
| Place of publication, distribution, etc | Makati City : |
| 260 ## - PUBLICATION, DISTRIBUTION, ETC. (IMPRINT) | |
| Name of publisher, distributor, etc | Bookmark, |
| 260 ## - PUBLICATION, DISTRIBUTION, ETC. (IMPRINT) | |
| Date of publication, distribution, etc | 1996 |
| 300 ## - PHYSICAL DESCRIPTION | |
| Extent | 1 v 452 pages : |
| 300 ## - PHYSICAL DESCRIPTION | |
| Dimensions | 24 cm. |
| 700 ## - ADDED ENTRY--PERSONAL NAME | |
| Personal name | Locsin, Ma. Soledad Lacson. |
| 700 ## - ADDED ENTRY--PERSONAL NAME | |
| Personal name | Locsin, Raul L. |
| Withdrawn status | Lost status | Damaged status | Home library | Current library | Shelving location | Date acquired | Total Checkouts | Full call number | Barcode | Date last seen | Price effective from | Koha item type |
|---|---|---|---|---|---|---|---|---|---|---|---|---|
| Stonyhurst Southville International School (Batangas) | Stonyhurst Southville International School (Batangas) | Filipiniana Section | 03/19/2016 | Fil Fic R627n 1996 | US 0772 | 03/19/2016 | 03/19/2016 | Books |